NAMELESS AND FACELESS VICTIMSIN CRIMINAL JUSTICE SYSTEM (Record no. 195592)

MARC details
000 -LEADER
fixed length control field 00357nam a2200145Ia 4500
008 - FIXED-LENGTH DATA ELEMENTS--GENERAL INFORMATION
fixed length control field 220923s9999 xx 000 0 und d
020 ## - INTERNATIONAL STANDARD BOOK NUMBER
International Standard Book Number 9789350358108
082 ## - DEWEY DECIMAL CLASSIFICATION NUMBER
Item number UMA
100 ## - MAIN ENTRY--PERSONAL NAME
Personal name UMANATH, NIRMALA R.
245 #0 - TITLE STATEMENT
Title NAMELESS AND FACELESS VICTIMSIN CRIMINAL JUSTICE SYSTEM
260 ## - PUBLICATION, DISTRIBUTION, ETC.
Date of publication, distribution, etc. 2016
300 ## - PHYSICAL DESCRIPTION
Extent 276
650 ## - SUBJECT ADDED ENTRY--TOPICAL TERM
Topical term or geographic name entry element Criminal Law
942 ## - ADDED ENTRY ELEMENTS (KOHA)
Koha item type Book
Holdings
Withdrawn status Lost status Damaged status Not for loan Home library Current library Shelving location Date acquired Cost, normal purchase price Total Checkouts Barcode Date last seen Date last checked out Price effective from Koha item type
        Mewar University Central Library Mewar University Central Library Law 09/05/2017 475.00 1 L4154 21/04/2025 06/03/2025 09/05/2017 Book